| 000 | 01179nam a2200313 i 4500 | ||
|---|---|---|---|
| 003 | EG-GICUC | ||
| 005 | 20260414161606.0 | ||
| 008 | 260414s1920 fr fr|||| 00| 0 fre d | ||
| 040 |
_aEG-GiCUC _bfre _cEG-GiCUC _dEG-GiCUC _erda |
||
| 041 | 0 | _afre | |
| 082 | 0 | 4 |
_221 _a343.3 _bMI . C |
| 092 | 0 | 4 | _221 |
| 099 | _aLaw1 10 343.3 MI . C 1920 | ||
| 110 |
_k Ministry of Justice, Egypt, Cairo _eAuthor. |
||
| 245 | 1 | 0 |
_aCode D'instruction Criminelle : _bDes Tribunaux Indigenes Institution et Institution Cours D'assises. (Loin-4, 1905) / _c Ministry of Justice, Egypte . |
| 246 | 1 |
_aCode of Criminal Procedure : _b of the Egyptian Native Tribunals and Law Constituting Courts of Assize" (Law No. 4 of 1905). |
|
| 264 | 1 |
_acairo : _b Government Pres, _c1920. |
|
| 300 |
_a86 pages ; _c24 cm |
||
| 336 |
_2rda content _atext |
||
| 337 |
_2rda media _aComputer |
||
| 338 |
_2rda carrier _aOnline Resource |
||
| 546 | _aTexte en français | ||
| 650 | 1 | 4 |
_aDroit pénal _2qrmak |
| 650 | 1 | 4 |
_aDroit de procédure pénale _2qrmak |
| 651 | 1 | _2qrmak | |
| 856 | 4 | 0 | _uhttps://fll.law.cu.edu.eg/fulltext/bks/B10-04315.pdf |
| 905 |
_a167 _eHassnaa |
||
| 942 |
_2ddc _cBK _e21 _n0 |
||
| 999 |
_c70958 _d70958 |
||